[Event "Mittelrhein Verbandsliga-W 18/19"]
[Site "Nordrheinwestfalen"]
[Date "2018.12.16"]
[Round "5.7"]
[White "Weyer, Hans Juergen"]
[Black "Titz, Stefan"]
[Result "1-0"]
[WhiteElo "1840"]
[BlackElo "1699"]
[PlyCount "78"]
[EventDate "2018.09.02"]
[EventType "team-tourn"]
[EventRounds "11"]
[EventCountry "GER"]
[SourceTitle "EXT 2022"]
[Source "ChessBase"]
[SourceDate "2021.10.06"]
[SourceVersion "1"]
[SourceVersionDate "2021.10.06"]
[SourceQuality "1"]
[WhiteTeam "Herzogenrath"]
[BlackTeam "Bergheim"]
[WhiteTeamCountry "GER"]
[BlackTeamCountry "GER"]

1. e4 c6 2. d4 d5 3. Nc3 dxe4 4. Nxe4 Bf5 5. Ng3 Bg6 6. Nf3 e6 7. h4 h6 8. h5 Bh7 9. Bd3 Bxd3 10. Qxd3 Nf6 11. Bd2 Bd6 12. 0-0-0 Qc7 13. Ne4 Nxe4 14. Qxe4 Nd7 15. g3 Nf6 16. Qe2 0-0-0 17. Kb1 Rhe8 18. Qd3 Kb8 19. c4 Ka8 20. Qc2 c5 21. a3 cxd4 22. Nxd4 Bc5 23. Bc3 a6 24. b4 Be7 25. Bb2 Rc8 26. Rc1 Nd7 27. Qe2 Bf6 28. Rhd1 Ne5 29. c5 Red8 30. Nb3 Nc6 31. Bxf6 gxf6 32. Qe3 Qe5 33. Qxe5 Nxe5 34. Na5 Ka7 35. f4 Rxd1 36. Rxd1 Nc6 37. Nxc6+ Rxc6 38. Rd7 e5 39. Rxf7 Re6 1-0

[Event "Mittelrhein Verbandsliga-W 18/19"]
[Site "Nordrheinwestfalen"]
[Date "2018.11.18"]
[Round "4.7"]
[White "Titz, Stefan"]
[Black "Bamberger, Alberto"]
[Result "1-0"]
[WhiteElo "1699"]
[BlackElo "1743"]
[PlyCount "55"]
[EventDate "2018.09.02"]
[EventType "team-tourn"]
[EventRounds "11"]
[EventCountry "GER"]
[SourceTitle "EXT 2022"]
[Source "ChessBase"]
[SourceDate "2021.10.06"]
[SourceVersion "1"]
[SourceVersionDate "2021.10.06"]
[SourceQuality "1"]
[WhiteTeam "Bergheim"]
[BlackTeam "Eschweiler SC"]
[WhiteTeamCountry "GER"]
[BlackTeamCountry "GER"]

1. d4 d6 2. c4 g6 3. Nc3 Bg7 4. e4 Nf6 5. f3 0-0 6. Be3 Nc6 7. Qd2 b6 8. 0-0-0 Bb7 9. Bh6 e5 10. Bxg7 Kxg7 11. Nge2 a6 12. g4 b5 13. h4 h5 14. d5 Ne7 15. Ng3 Rh8 16. Bh3 b4 17. Nce2 a5 18. gxh5 Nxh5 19. Nxh5+ Rxh5 20. Bg4 Rh7 21. h5 Qh8 22. Ng3 f6 23. hxg6 Nxg6 24. Rxh7+ Qxh7 25. Rh1 Qg8 26. Qh6+ Kf7 27. Be6+ Ke7 28. Nf5+ 1-0

[Event "SVM-ch"]
[Site "Kerpen"]
[Date "1998.05.19"]
[Round "2"]
[White "Nagel, Eduard"]
[Black "Titz, Stefan"]
[Result "1-0"]
[WhiteElo "1782"]
[BlackElo "1831"]
[PlyCount "65"]
[EventDate "1998.05.??"]
[EventType "swiss"]
[EventRounds "7"]
[EventCountry "GER"]
[SourceTitle "EXT 2004"]
[Source "ChessBase"]
[SourceDate "2003.11.25"]
[SourceVersion "1"]
[SourceVersionDate "2003.11.25"]
[SourceQuality "1"]

1. e4 c5 2. Nc3 d6 3. f4 Nc6 4. Nf3 g6 5. Bc4 Bg7 6. d3 e6 7. Be3 Nge7 8. d4 cxd4 9. Nxd4 a6 10. 0-0 0-0 11. Nce2 Qc7 12. Bb3 Bd7 13. c3 Rad8 14. Ng3 Na5 15. Rc1 b6 16. Rf2 Bc8 17. Rd2 Nc4 18. Bxc4 Qxc4 19. b3 Qc7 20. c4 Bb7 21. Nde2 Nc6 22. a3 Rd7 23. c5 bxc5 24. Bxc5 Rfd8 25. Be3 Qa5 26. a4 Nb4 27. Rc5 dxc5 28. Rxd7 Rxd7 29. Qxd7 Bc6 30. Qc8+ Bf8 31. f5 c4 32. fxe6 Nd3 33. e7 1-0